000 01023cam a22002777a 4500
001 1025
005 20230815152839.0
008 940415s1993 nyua 000 0 eng
020 _a0590470701 (pbk.) :
040 _aDLC
_cDLC
_dDLC
_beng
050 0 0 _aPZ7.D128
082 _aFic
100 1 _aDadey, Debbie.
245 1 0 _aAliens don't wear braces /
_bby Debbie Dadey and Marcia Thornton Jones ; illustrated by John Steven Gurney.
260 _aNew York :
_bScholastic,
_c1993.
300 _a74 pages. :
_billustrations. ;
_c20 cm.
500 _aSource: Copyright deposit, Dec. 21, 1993.
_5DLC
505 _aN
520 _aStrange doings seem to erupt whenever Mrs. Zork, the substitute art teacher shows up, in this most far-out adventure yet about the fun-filled Bailey School kids.
521 _a570
_bLexile
521 _aN
_bRaz-Plus
700 1 _aJones, Marcia Thornton.
700 1 _aGurney, John Steven,
_d1962-
906 _a7
_bcbc
_corignew
_du
_encip
_f19
_gy-gencatlg
942 _2ddc
_cBK
_n0
999 _c1025
_d1025